Ζωγράφοι της γενιάς του '30
Αποθηκεύτηκε σε:
| Άλλοι συγγραφείς: | , |
|---|---|
| Μορφή: | Βιβλίο |
| Γλώσσα: | Greek |
| Δημοσίευση: |
Αθήνα :
Η Καθημερινή,
c1996.
|
| Σειρά: | Επτά ημέρες (Η Καθημερινή)
Η' |
| Θέματα: | |
| Ετικέτες: |
Προσθήκη ετικέτας
Δεν υπάρχουν, Καταχωρήστε ετικέτα πρώτοι!
|
MARC
| LEADER | 00000cam a2200000 a 4500 | ||
|---|---|---|---|
| 001 | 1/122317 | ||
| 008 | 201123s1996####gr | ||| |||| ||gre|| | ||
| 040 | |a GR-MyUa |b gre |c GR-MyUa |e AACR2 | ||
| 041 | 0 | |a gre | |
| 082 | 7 | |a 700.922 |2 (23) | |
| 245 | 0 | 0 | |a Ζωγράφοι της γενιάς του '30 / |c επιμέλεια έκδοσης: Κωστής Γιούργος, Χάρης Δρακόπουλος ; σύνταξη: Κωστής Βατικιώτης, Πέγκυ Κουνενάκη, Αλέξης Σαββάκης. |
| 260 | |a Αθήνα : |b Η Καθημερινή, |c c1996. | ||
| 300 | |a 188 σ. : |b εικ. ; |c 30 εκ. | ||
| 490 | 1 | |a (Επτά ημέρες / Η Καθημερινή ; |v Η') | |
| 505 | 8 | |a Μόραλης -- Χατζηκυριάκος-Γκίκας -- Διαμαντόπουλος -- Τσαρούχης. | |
| 600 | 1 | 0 | |a Μόραλης, Γιάννης, |d 1916-2009. |
| 600 | 1 | 0 | |a Χατζηκυριάκος-Γκίκας, Νικόλαος, |d 1906-1994. |
| 600 | 1 | 0 | |a Διαμαντόπουλος, Διαμαντής, |d 1914-1995. |
| 600 | 1 | 0 | |a Τσαρούχης, Γιάννης, |d 1910-1989. |
| 700 | 1 | |a Γιούργος, Κωστής, |e edt | |
| 700 | 1 | |a Δρακόπουλος, Χάρης, |e edt | |
| 830 | 0 | |a Επτά ημέρες (Η Καθημερινή) |v Η' | |
| 852 | |a INST |b SYROS |e 20201120 |h 700.922 ΖΩΓ |p 005500014716 |q 005500014716 |t BK |y 0 | ||
| 920 | |a Σταματοπούλου |b Γεωργία |y Σύρος |z 2020-07 | ||
| 970 | |a Κοντού |b Παρασκευή |z 23/11/2020 | ||